Polskie zwierzęta - nagła śmierć - Statystyki

Ogólne statystyki
  • Ten quiz został rozwiązany 7 514 razy
  • Średni wynik to 9 z 15
Answers on the Grid
Answers color-coded by a green-red scale on the quiz's grid according to % correct below.
Daniel
Barasinga
Niedźwiedź polarny
Łoś
Wilk
Szop pracz
Surykatka
Lama
Alpaka
Renifer
Niedźwiedź brunatny
Jaszczurka zwinka
Anakonda żółta
Dzik
Guziec
Koń Przewalskiego
Borsuk
Sarna
Fenek
Kapibara
Jeleń
Zając
Puma
Emu
Wydra
Kuna
Makak
Dziobak
Mysz
Białucha arktyczna
 
Statystyki odpowiedzi
Odpowiedź % Poprawnych
Dzik
78%
Jeleń
77%
Mysz
77%
Zając
77%
Wilk
76%
Sarna
75%
Łoś
74%
Kuna
71%
Borsuk
67%
Daniel
63%
Niedźwiedź brunatny
61%
Wydra
58%
Jaszczurka zwinka
50%
Szop pracz
35%
Białucha arktyczna
6%
Nie znaleziono quizów pasujących do podanych kryteriów
Rozkład punktacji
Procent ludzi z każdym wynikiem
Percentyl według liczby udzielonych odpowiedzi
Twoja historia wyników
Nie rozwiązałeś tego quizu